Oil as a Strategic Energy Commodity

Salvato in:
Dettagli Bibliografici
Autore principale: Potoma, Radoslav, 1992-
Altri autori: Vajdová, Jana, 1983-
Natura: Capitolo di libro
Lingua:inglese
Soggetti:
Tags: Aggiungi Tag
Nessun Tag, puoi essere il primo ad aggiungerne!!

MARC

LEADER 00000naa$a2200000$$$4500
001 0281359
005 20240502074358.7
041 0 |a eng 
044 |a SK 
245 1 0 |a Oil as a Strategic Energy Commodity  |c Radoslav Potoma, Jana Vajdová 
500 |a abstrakt 
610 2 0 |a ropa 
610 2 0 |a komodity 
610 2 0 |a energia 
610 2 0 |a ceny 
610 2 0 |a pandémia 
100 1 |a Potoma, Radoslav, 1992- 
700 1 |a Vajdová, Jana, 1983-